000 01005nam a2200313 i 4500
001 000011479
003 OSt
005 20260321073639.0
007 ta
008 091019s1985 dr r 000 0 spa d
040 _aDO-SdBNP
_bspa
_cBNPHU
_erd
082 4 _a808.3
_bB742a
_222
100 1 _a Bosch, Juan,
_d1909-2001
_976555
245 1 0 _aApuntes sobre el arte de escribir cuentos /
_cJuan Bosch.
264 _aSanto Domingo :
_bAlfa y Omega,
_c1985.
300 _a41 páginas ;
_c21 cm.
336 _2rdacontent
_atexto
_btxt
337 _2rdamedia
_asin mediación
_bn
338 _2rdacarrier
_avolumen
_bnc
505 0 _aIntroducción explicativa 27 años depués
590 _aInventariado, 2019/VM
650 4 _aCreación literaria, artísticas, etc.
_927175
650 4 _aArte de escribir
_912162
650 4 _aEstilo literario
_95690
650 0 _aLiteratura dominicana.
_967
650 4 _aCuentos dominicanos
_927176
910 _aValidado. Control de calidad MFF
942 _2ddc
_cLBS1
999 _c11180
_d11180